00230nam a2200097Ia 4500008004100000082001600041100002100057245002200078260002000100600001200120241002s9999 xx 000 0 und d a973.972 KEN aKennedy, John F. 0aCreative American aNew York:c1962 aHistory